00566nam a2200169 i 4500001000300000100002300003245009500026260002600121700002100147040000800168041000800176942000700184008004100191999001700232856009800249952004900347bg1 aPIETRANIEC, Danuta 0aJęzyk rosyjski :bskrypt do nauczania na studiach /cDanuta Pietraniec, Teresa Wójcik. aCzęstochowa,c1982.1 aWÓJCIK, Teresa cBPK apol cKS s pl f |000 0 pol  c20941d20941 uhttp://koha.tu.koszalin.pl/cgi-bin/koha/opac-detail.pl?biblionumber=20941yKatalog online BPK 00104070aBPKbBPKcwo29424p01620900yKS